| 000 | 01054nam a22002055i 4500 | ||
|---|---|---|---|
| 001 | 154884 | ||
| 003 | ES-MaACL | ||
| 005 | 20230906205905.0 | ||
| 008 | 041013s1898 sp abo |||| | spa d | ||
| 040 |
_aCAM _bspa _cCAM |
||
| 245 | 0 | 0 |
_aGuía práctica de Valencia _b: costumbres populares, excursiones á los pueblos de los alrededores, romerías a los santuarios, casas recomendadas del comercio, industria... : plano topográfico de Valencia, ilustrada con 24 fotograbados / _crecopilada por R.O.P. |
| 260 |
_a[Valencia] : _bLibrería de Ramón Ortega, _c1898 ( _fImprenta y litografía de José Ortega) |
||
| 300 |
_a337 p., [1] h. plan. pleg., [24] h. fot. ; _c14 cm. |
||
| 595 | _aEn cub. consta 2ª ed. | ||
| 597 | _aDe la p. 267 a la 337 pp. de propaganda comercial. | ||
| 597 | _aTiene además otra secuencia de 265-275, "Situación en el plano de las calles, plazas, oficinas públicas..." | ||
| 651 | 4 |
_aValencia- _vGuías. _9137387 |
|
| 852 |
_aES-MaACL _jG-866 _z-- Enc. ed. en tela |
||
| 852 |
_aES-MaACL _jD-5208 _z-- Enc. ed. en tela |
||
| 999 |
_c154884 _d154884 |
||